| 000 | 00402nam a22001457a 4500 | ||
|---|---|---|---|
| 005 | 20260430114809.0 | ||
| 008 | 170816b xxu||||| |||| 00| 0 eng d | ||
| 040 | _cPK-LaUMT | ||
| 082 |
_aZIAC 297 _bABU-T |
||
| 100 | 1 |
_aMaududi, Syed Abul Ala _911418 |
|
| 245 |
_aTowards understanding Islam / _cAbul Ala Maududi |
||
| 260 |
_aLahore: _bIdara Tarjuman ul Quran, _c1985 |
||
| 300 | _a179 p. | ||
| 942 | _cBK | ||
| 999 |
_c97190 _d97190 |
||